[Event "Mikhail Tal Memorial (2300+)"]
[Site "SchemingMind.com"]
[Date "2020.06.22"]
[Round "-"]
[White "frankly"]
[Black "AussieMossie"]
[Result "0-1"]
[WhiteCountry "ENG"]
[BlackCountry "AUS"]
[WhiteElo "2589"]
[WhiteRD "67"]
[BlackElo "2553"]
[BlackRD "68"]
[GameID "456842"]

1. e4 e5 2. Nf3 Nc6 3. Bb5 a6 4. Ba4 Nf6 5. O-O Be7 6. Re1 b5 7. Bb3 d6 8. c3 O-O 9. h3 Na5 10. Bc2 c5
11. d4 Qc7 12. Nbd2 cxd4 13. cxd4 Bd7 14. Nf1 Rac8 15. Ne3 Nc6 16. d5 Nb4 17. Bb1 a5 18. a3 Na6 19. b4 axb4 20. axb4 Qb7
21. Bd2 Nc7 22. Bd3 Ra8 23. Rb1 Rfc8 24. Bc1 Ra4 25. Nd2 Bd8 26. Kh2 Na6 27. Nc2 Rc3 28. Nf1 Ra2 29. Qe2 Rc8 30. Nfe3 Ne8
31. Rb2 Ra4 32. Qh5 Nf6 33. Qf3 Nc7 34. Nf5 Qa6 35. Bd2 Nfe8 36. Rc1 Rb8 37. Nce3 Ra3 38. Nc2 Ra4 39. Rb3 Ra2 40. Ng3 Be7
41. Qd1 Qa4 42. Rbb1 Qa7 43. Be3 Qb7 44. f4 Rba8 45. Qf3 Nf6 46. fxe5 dxe5 47. Bc5 Bf8 48. Nh1 Na6 49. Bxf8 Rxf8 50. Rb3 Qb6
51. Rf1 Ne8 52. Qg3 f6 53. Na3 Nd6 54. Qe1 Ra8 55. Rb1 Rxa3 56. Rf3 Qd4 57. Be2 Ra4 58. Rfb3 Qxe4 59. Ng3 Qh4 60. Rd1 Nxb4
61. Rc1 Nxd5 62. Rd1 Nf4 63. Nh5 Nxe2
0-1

[Event "Mikhail Tal Memorial (2300+)"]
[Site "SchemingMind.com"]
[Date "2020.06.26"]
[Round "-"]
[White "frankly"]
[Black "Robert Bruce"]
[Result "1-0"]
[WhiteCountry "ENG"]
[BlackCountry "SCO"]
[WhiteElo "2589"]
[WhiteRD "67"]
[BlackElo "2386"]
[BlackRD "64"]
[GameID "456843"]

1. d4 Nf6 2. c4 e6 3. Nf3 d5 4. Nc3 Be7 5. Bg5 O-O 6. e3 h6 7. Bh4 b6 8. Be2 Nbd7 9. cxd5 exd5 10. O-O Bb7
11. Rc1 Re8 12. Bg3 Nh5 13. Bh4 c6 14. Bxe7 Qxe7 15. Qa4 Nhf6 16. Rfd1 a6 17. Ne1 Rad8 18. Bf3 Rc8 19. h3 a5 20. Nd3 Ba6
21. Nf4 Qd6 22. Rd2 Ra8 23. Qd1 g6 24. Be2 Bc8 25. Bd3 Qe7 26. Rdc2 Bb7 27. h4 Rad8 28. Na4 Qd6 29. Qf3 Ne4 30. b3 Kg7
31. Qh3 Qf6 32. Nc3 Nd6 33. Nfe2 Qe6 34. Qg3 Nf5 35. Bxf5 Qxf5 36. Qc7 Ba8 37. Ng3 Qe6 38. h5 Qe7 39. Nce2 Rc8 40. Qa7 Rf8
41. a3 Qd6 42. Nf4 Rfe8 43. Qa6 Rc7 44. Qe2 Ra7 45. b4 Kh7 46. Nd3 Re7 47. b5 Rc7 48. bxc6 Rxc6 49. Nf4 Re8 50. Rxc6 Bxc6
51. Qd3 Rg8 52. Qb3 Re8 53. hxg6+ fxg6 54. Nge2 Bb7 55. Rc3 Re7 56. Qc2 Rg7 57. Nc1 b5 58. Ncd3 b4 59. axb4 axb4 60. Rb3 Ba6
61. Nxb4 Bc4 62. Rb2 Nf6 63. Nbd3 Ng4 64. Nc5 Ba6 65. Nce6 Rg8 66. Ra2 Kh8 67. g3 Kh7 68. Ra5 Qb6 69. Nxg6 Rxg6 70. Nf8+
1-0

[Event "Mikhail Tal Memorial (2300+)"]
[Site "SchemingMind.com"]
[Date "2020.06.26"]
[Round "-"]
[White "Robert Bruce"]
[Black "frankly"]
[Result "1/2-1/2"]
[WhiteCountry "SCO"]
[BlackCountry "ENG"]
[WhiteElo "2450"]
[WhiteRD "66"]
[BlackElo "2578"]
[BlackRD "65"]
[GameID "456844"]

1. f4 d5 2. Nf3 Nc6 3. e3 Bf5 4. Bb5 e6 5. b3 Ne7 6. Ba4 a6 7. c4 f6 8. Nd4 Kf7 9. Nxf5 Nxf5 10. Bxc6 bxc6
11. Qe2 h5 12. Bb2 h4 13. Nc3 Bb4 14. O-O dxc4 15. Qxc4 Qxd2 16. Rf2 Qd6 17. Ne4 Qe7 18. Bc3 c5 19. Re2 a5 20. Bb2 a4
21. a3 Ba5 22. Nxc5 axb3 23. Nxb3 Bb6 24. Nd4 Nd6 25. Qc6 Qe8 26. a4 Ra6 27. Qc2 Qd7 28. h3 Rha8 29. Qh7 Rxa4 30. Rd1 Qe8
31. Nf3 Qh8 32. Qc2 Qh5 33. Kh2 Rb4 34. Bd4 Rc4 35. Qd3 Bxd4 36. exd4 Qf5 37. Qe3 Qd5 38. Qd3 Kg8 39. Rde1 Qf5 40. Qe3 Re8
41. Nxh4 Qd5 42. Rd2 Nb5 43. Nf3 Rc3 44. Qe2 Ra3 45. Qf2 Rd8 46. Qg3 Nd6 47. Qg4 Nf5 48. Rde2 Ra6 49. Rc1=
1/2-1/2

[Event "Mikhail Tal Memorial (2300+)"]
[Site "SchemingMind.com"]
[Date "2020.06.22"]
[Round "-"]
[White "frankly"]
[Black "William Lindberg"]
[Result "1/2-1/2"]
[WhiteCountry "ENG"]
[BlackCountry "USA"]
[WhiteElo "2576"]
[WhiteRD "63"]
[BlackElo "2458"]
[BlackRD "65"]
[GameID "456845"]

1. e4 e5 2. Nf3 Nc6 3. Bb5 a6 4. Ba4 Nf6 5. O-O Nxe4 6. d4 b5 7. Bb3 d5 8. dxe5 Be6 9. Nbd2 Nc5 10. c3 Be7
11. Bc2 d4 12. cxd4 Nxd4 13. Nxd4 Qxd4 14. Nf3 Qxd1 15. Rxd1 O-O 16. Nd4 Rfd8 17. Be3 Bd5 18. Rac1 g6 19. f4 Ne6 20. Ne2 b4
21. Kf2 Rab8 22. Bb3 Bxb3 23. axb3 Rxd1 24. Rxd1 f6 25. Rd7 Kf7 26. exf6 Kxf6 27. Kf3 Rd8 28. Rxd8 Nxd8 29. Ke4 Ke6 30. Nd4+ Kd7
31. Nf3 Nb7 32. Ke5 Bc5 33. Bd4 Bd6+ 34. Ke4 Na5 35. Nd2 Ke6 36. g4 Bf8 37. Be5 Bd6 38. Bg7 Nb7 39. Bd4 Be7 40. Nc4 Bc5
41. Be5 Bd6 42. Bd4 Bc5=
1/2-1/2

[Event "Mikhail Tal Memorial (2300+)"]
[Site "SchemingMind.com"]
[Date "2020.06.22"]
[Round "-"]
[White "William Lindberg"]
[Black "frankly"]
[Result "0-1"]
[WhiteCountry "USA"]
[BlackCountry "ENG"]
[WhiteElo "2437"]
[WhiteRD "66"]
[BlackElo "2578"]
[BlackRD "65"]
[GameID "456846"]

1. c4 e5 2. Nc3 Nf6 3. Nf3 Nc6 4. g3 d5 5. cxd5 Nxd5 6. Bg2 Nb6 7. d3 Be7 8. O-O O-O 9. a3 Be6 10. Be3 a5
11. Bxb6 cxb6 12. e3 Qd7 13. d4 exd4 14. Nxd4 Nxd4 15. exd4 b5 16. Re1 b4 17. Na4 Rad8 18. Nc5 Bxc5 19. dxc5 Qc7 20. Qc1 Rc8
21. h4 b3 22. Qd2 Qxc5 23. Bxb7 Qc2 24. Qe3 Rb8 25. Re2 Rxb7 26. Rxc2 bxc2 27. Rc1 Rc7 28. Kg2 a4 29. g4 h6 30. g5 hxg5
31. hxg5 Rfc8 32. g6 Bd5+ 33. f3 fxg6 34. Qd3 Bf7 35. Qa6 Rc4 36. Kf2 g5 37. Qb5 g4 38. Qe5 R4c5 39. Qd4 gxf3 40. Rg1 g6
41. Rc1 Rg5 42. Qf4 Rg2+ 43. Kxf3 Bd5+ 44. Ke3 Re8+ 45. Kd3 Be4+ 46. Kc3 Rc8+ 47. Kd4 Bf5 48. Ke3 Rg4 49. Qd6 Re4+ 50. Kd2 Ree8
51. Qd5+ Be6 52. Qg5 Red8+ 53. Ke2 Bf5 54. Qh4 Rd7 55. Qxa4 Re8+ 56. Kf2 Rf8 57. Kg2 Rd2+ 58. Kg3 Rfd8 59. Qc6 Kg7 60. Qc5 Kf6
61. Rf1 Rd1 62. Qxc2 R8d3+ 63. Qxd3 Rxd3+ 64. Kg2 Rd2+ 65. Rf2 Rxf2+ 66. Kxf2 Bd7 67. b3 g5 68. Kf3 Kf5 69. a4 g4+ 70. Ke3 Be6
71. b4 Bb3 72. a5 Bc4 73. Kd4 g3 74. Kxc4 g2 75. Kd5 g1=Q 76. b5 Qa7 77. b6 Qxa5+ 78. Kc6 Ke6 79. b7 Qb4 80. b8=Q Qxb8
0-1

[Event "Mikhail Tal Memorial (2300+)"]
[Site "SchemingMind.com"]
[Date "2020.06.23"]
[Round "-"]
[White "frankly"]
[Black "Giraldo Menendez Rodriguez"]
[Result "1/2-1/2"]
[WhiteCountry "ENG"]
[BlackCountry "CUB"]
[WhiteElo "2576"]
[WhiteRD "63"]
[BlackElo "2538"]
[BlackRD "77"]
[GameID "456847"]

1. d4 Nf6 2. c4 e6 3. Nf3 d5 4. Nc3 Bb4 5. Bg5 h6 6. Bxf6 Qxf6 7. e3 O-O 8. Rc1 dxc4 9. Bxc4 c5 10. O-O cxd4
11. Nxd4 Bd7 12. Ne4 Qe7 13. Be2 Nc6 14. a3 Nxd4 15. Qxd4 Ba5 16. Qc5 Qxc5 17. Nxc5 Bc6 18. Bf3 Bxf3 19. gxf3 b5 20. b4 Bd8
21. Rfd1 Bh4 22. Rd4 Bf6 23. Rd7 Rfd8 24. Rc2 Rxd7 25. Nxd7 Bd8 26. f4 g6 27. Kg2 Kg7 28. Ne5 a6 29. Rc6 Ra7=
1/2-1/2

[Event "Mikhail Tal Memorial (2300+)"]
[Site "SchemingMind.com"]
[Date "2020.06.22"]
[Round "-"]
[White "Giraldo Menendez Rodriguez"]
[Black "frankly"]
[Result "1/2-1/2"]
[WhiteCountry "CUB"]
[BlackCountry "ENG"]
[WhiteElo "2538"]
[WhiteRD "77"]
[BlackElo "2576"]
[BlackRD "63"]
[GameID "456848"]

1. Nf3 d5 2. d4 Nf6 3. c4 e6 4. Nc3 c6 5. Bg5 h6 6. Bh4 dxc4 7. e4 g5 8. Bg3 b5 9. h4 g4 10. Ne5 Nbd7
11. Be2 Bb7 12. Nxd7 Qxd7 13. Be5 Qe7 14. b3 Rg8 15. Qc2 Nd7 16. Bg3 e5 17. d5 cxd5 18. Nxd5 Qc5 19. bxc4 f5 20. h5 Rc8
21. Rb1 f4 22. Bh4 f3 23. gxf3 gxf3 24. Bxf3 Qxc4 25. Qxc4 Rxc4 26. Rxb5 Bc6 27. Rb3 Bc5 28. Bg3 a5 29. Rb1 Rf8 30. Bg2 Rg8
31. Bf3 a4 32. Kd2 Rf8 33. Kd3 Bxd5 34. exd5 Nb6=
1/2-1/2

[Event "Mikhail Tal Memorial (2300+)"]
[Site "SchemingMind.com"]
[Date "2020.06.22"]
[Round "-"]
[White "frankly"]
[Black "Matthew Bailey"]
[Result "1/2-1/2"]
[WhiteCountry "ENG"]
[BlackCountry "ENG"]
[WhiteElo "2576"]
[WhiteRD "63"]
[BlackElo "2545"]
[BlackRD "57"]
[GameID "456849"]

1. e4 e5 2. Nf3 Nc6 3. Bb5 Nf6 4. O-O Nxe4 5. d4 Nd6 6. Bxc6 dxc6 7. dxe5 Nf5 8. Qxd8+ Kxd8 9. Nc3 Bd7 10. Rd1 Kc8
11. Ng5 Be8 12. Rd3 Be7 13. Nge4 b6 14. b3 Nh4 15. Bb2 Ng6 16. Ne2 c5 17. N2c3 Nxe5 18. Nd5 Nxd3 19. Nxe7+ Kd8 20. Bxg7 Kxe7
21. Bf6+ Ke6 22. Bxh8 Bc6 23. Ng5+ Kf5 24. Nxf7 Nf4 25. f3 Ke6 26. Ne5 Bxf3 27. Nxf3=
1/2-1/2

[Event "Mikhail Tal Memorial (2300+)"]
[Site "SchemingMind.com"]
[Date "2020.06.22"]
[Round "-"]
[White "Matthew Bailey"]
[Black "frankly"]
[Result "1/2-1/2"]
[WhiteCountry "ENG"]
[BlackCountry "ENG"]
[WhiteElo "2545"]
[WhiteRD "57"]
[BlackElo "2576"]
[BlackRD "63"]
[GameID "456850"]

1. e4 c5 2. Nf3 Nc6 3. d4 cxd4 4. Nxd4 Nf6 5. Nc3 e5 6. Ndb5 d6 7. Bg5 a6 8. Na3 b5 9. Nd5 Be7 10. Bxf6 Bxf6
11. c3 Ne7 12. Nxf6+ gxf6 13. Nc2 Bb7 14. Bd3 d5 15. exd5 Qxd5 16. Ne3 Qe6 17. Qe2 f5 18. f3 O-O-O 19. a4 e4 20. fxe4 f4
21. Nc2 Rxd3 22. Qxd3 Bxe4 23. Qe2 Bxc2 24. axb5 Qxe2+ 25. Kxe2 Ng6 26. bxa6 Kb8 27. Ra5 Re8+=
1/2-1/2

[Event "Mikhail Tal Memorial (2300+)"]
[Site "SchemingMind.com"]
[Date "2020.06.27"]
[Round "-"]
[White "Jari Laine"]
[Black "AussieMossie"]
[Result "0-1"]
[WhiteCountry "FIN"]
[BlackCountry "AUS"]
[WhiteElo "2423"]
[WhiteRD "78"]
[BlackElo "2576"]
[BlackRD "69"]
[GameID "457082"]

1. e4 e5 2. Nc3 Nf6 3. g3 Bc5 4. Bg2 O-O 5. Nge2 a5 6. O-O a4 7. d4 exd4 8. Nxd4 d6 9. h3 h6 10. Be3 a3
11. b3 Re8 12. Qd3 Nbd7 13. Rab1 Ne5 14. Qe2 Bb4 15. Nd5 Nxd5 16. exd5 Bd7 17. f4 Ng6 18. Qd3 Qf6 19. c3 Bc5 20. Rbe1 Bb6
21. Qd2 Re7 22. Kh2 Rae8 23. Nc2 Bxe3 24. Rxe3 Rxe3 25. Nxe3 h5 26. Nc2 Ra8 27. h4 Ne7 28. Re1 Kf8 29. Qd4 Qg6 30. Qe4 Nf5
31. Qd3 Nxh4 32. Be4 Qf6 33. gxh4 Qxh4+ 34. Kg1 Qxf4 35. Bg2 Re8 36. Rxe8+ Bxe8 37. Ne3 h4 38. Qe4 Qg5 39. Kf2 Qg3+ 40. Kg1 Bd7
41. Nf1 Qg5 42. Qe3 Qg6 43. Kf2 Qc2+ 44. Qd2 Qf5+ 45. Bf3 g5 46. Qd4 g4 47. Qh8+ Ke7 48. Qxh4+ f6 49. Nd2 gxf3 50. c4 Be8
51. Qe4+ Qe5 52. Kxf3 f5 53. Qh4+ Kd7 54. Nb1 c6 55. Nxa3 Qc3+
0-1

[Event "Mikhail Tal Memorial (2300+)"]
[Site "SchemingMind.com"]
[Date "2020.06.27"]
[Round "-"]
[White "AussieMossie"]
[Black "Jari Laine"]
[Result "1-0"]
[WhiteCountry "AUS"]
[BlackCountry "FIN"]
[WhiteElo "2512"]
[WhiteRD "75"]
[BlackElo "2451"]
[BlackRD "87"]
[GameID "457083"]

1. e4 c5 2. Nf3 Nc6 3. d4 cxd4 4. Nxd4 Nf6 5. Nc3 e5 6. Ndb5 d6 7. Bg5 a6 8. Na3 b5 9. Bxf6 gxf6 10. Nd5 f5
11. Bd3 Be6 12. Qh5 Rg8 13. c3 Rxg2 14. Qf3 Rg4 15. exf5 Bxd5 16. Qxd5 Ne7 17. Qb7 Qc8 18. Qxc8+ Rxc8 19. f6 Ng8 20. Bf5 Rcc4
21. Nxc4 Rxc4 22. a4 Nxf6 23. axb5 axb5 24. Ra8+ Ke7 25. Ra7+ Ke8 26. Bd3 Rc5 27. Rb7
1-0

[Event "Mikhail Tal Memorial (2300+)"]
[Site "SchemingMind.com"]
[Date "2020.06.27"]
[Round "-"]
[White "Jari Laine"]
[Black "frankly"]
[Result "0-1"]
[WhiteCountry "FIN"]
[BlackCountry "ENG"]
[WhiteElo "2423"]
[WhiteRD "78"]
[BlackElo "2598"]
[BlackRD "66"]
[GameID "457084"]

1. e4 e5 2. Nc3 Nf6 3. g3 Bc5 4. Bg2 Nc6 5. Nge2 O-O 6. O-O Rb8 7. Nd5 d6 8. c3 Nxd5 9. exd5 Ne7 10. d4 exd4
11. Nxd4 a5 12. Re1 Ng6 13. Nb3 b6 14. Nxc5 bxc5 15. b3 Qf6 16. Re3 Ne5 17. Bd2 Bg4 18. f3 Bd7 19. c4 a4 20. Bc3 Qh6
21. Re1 Rfe8 22. Bxe5 dxe5 23. Rb1 Ra8 24. bxa4 Bxa4 25. Qd3 Bd7 26. a3 Qd6 27. Bf1 h5 28. Qe3 h4 29. gxh4 Ra6 30. h5 Qe7
31. f4 e4 32. Qg3 Qf6 33. Rb7 Qd4+ 34. Kh1 Rd6 35. Be2 e3 36. Rd1 Qe4+ 37. Qf3 Qc2 38. Rxc7 Kf8 39. Rb7 Bf5 40. Kg1 Be4
41. Qg4 Kg8 42. h3 Rf6 43. Rdb1 Qd2 44. Rd1 Qa2 45. a4 Kh8 46. Rf1 Qc2 47. Rbb1 g5 48. Rbc1 Qb2 49. f5 Qe5 50. Rce1 Rb8
51. a5 Kh7 52. Bd1 Rb2 53. Re2 Bd3 54. Rxb2 Qxb2
0-1

[Event "Mikhail Tal Memorial (2300+)"]
[Site "SchemingMind.com"]
[Date "2020.06.27"]
[Round "-"]
[White "frankly"]
[Black "Jari Laine"]
[Result "1-0"]
[WhiteCountry "ENG"]
[BlackCountry "FIN"]
[WhiteElo "2589"]
[WhiteRD "67"]
[BlackElo "2429"]
[BlackRD "87"]
[GameID "457085"]

1. d4 Nf6 2. c4 e6 3. Nf3 Bb4+ 4. Nbd2 d5 5. Qa4+ Nc6 6. a3 Bxd2+ 7. Bxd2 Ne4 8. e3 Nxd2 9. Nxd2 O-O 10. Nf3 Bd7
11. Qc2 a5 12. Bd3 h6 13. Rc1 Ne7 14. cxd5 Nxd5 15. O-O Rc8 16. Ne5 Be8 17. Bh7+ Kh8 18. Qc5 Qe7 19. Qxe7 Nxe7 20. Be4 Nd5
21. Rfd1 f6 22. Nd3 b6 23. Bxd5 exd5 24. Nf4 Bf7 25. Rc6 g5 26. Ne6 Bxe6 27. Rxe6 Rce8 28. Rc6 Re7 29. Kf1 Kh7 30. g3 f5
31. b4 axb4 32. axb4 Rff7 33. Re1 Kg7 34. b5 h5 35. f4 Rf6 36. Rxf6 Kxf6 37. fxg5+ Kxg5 38. Kf2 h4 39. gxh4+ Kxh4 40. Rg1
1-0

[Event "Mikhail Tal Memorial (2300+)"]
[Site "SchemingMind.com"]
[Date "2020.07.02"]
[Round "-"]
[White "Jari Laine"]
[Black "Robert Bruce"]
[Result "1/2-1/2"]
[WhiteCountry "FIN"]
[BlackCountry "SCO"]
[WhiteElo "2423"]
[WhiteRD "78"]
[BlackElo "2397"]
[BlackRD "67"]
[GameID "457086"]

1. e4 c5 2. Nf3 Nc6 3. d4 cxd4 4. Nxd4 Nf6 5. Nc3 e5 6. Nb3 Bb4 7. Bd3 d5 8. exd5 Nxd5 9. Bd2 Nxc3 10. bxc3 Be7
11. Qh5 g6 12. Qh6 Bf8 13. Qe3 Bg7 14. Qc5 Qc7 15. Rd1 Be6 16. O-O b6 17. Qa3 f5 18. c4 e4 19. Be2 Kf7 20. c5 Nd4
21. Ba6 Be5 22. h4 Rhb8 23. Bg5 Nxb3 24. cxb3 Qxc5 25. b4 Qf8 26. Qa4 Kg8 27. Qc6 Re8 28. Bc4 Bxc4 29. Qxc4+ Qf7 30. Qxf7+ Kxf7
31. Rd7+ Ke6 32. Rxh7 Bf6 33. g3 Bxg5 34. hxg5 Re7 35. Rxe7+ Kxe7 36. Rc1 Kd7 37. f3 exf3 38. Kf2 a6 39. Rd1+ Kc6 40. Kxf3 Re8
41. Rd4 Re6 42. g4 fxg4+ 43. Kxg4 Kc7 44. Kf4 Re8=
1/2-1/2

[Event "Mikhail Tal Memorial (2300+)"]
[Site "SchemingMind.com"]
[Date "2020.07.02"]
[Round "-"]
[White "Robert Bruce"]
[Black "Jari Laine"]
[Result "1/2-1/2"]
[WhiteCountry "SCO"]
[BlackCountry "FIN"]
[WhiteElo "2397"]
[WhiteRD "67"]
[BlackElo "2423"]
[BlackRD "78"]
[GameID "457087"]

1. f4 Nf6 2. Nf3 d5 3. g3 c6 4. Bg2 Qb6 5. b3 g6 6. Bb2 Bg7 7. e3 O-O 8. O-O Bg4 9. Qc1 Nbd7 10. Ne5 Rad8
11. a4 Nxe5 12. Bxe5 a5 13. h3 Bd7 14. Kh2 Nh5 15. Bxg7 Nxg7 16. Qe1 f6 17. e4 dxe4 18. Bxe4 Qc7 19. d3 e5 20. fxe5 Qxe5
21. Nc3 Nh5 22. Rg1 Rfe8 23. Qd2 f5 24. Bf3 Nf6 25. Rae1 Qd4 26. Nd1 b6 27. Qf4 Qxf4 28. gxf4 Kf7 29. Kg2 Re7 30. Rxe7+ Kxe7
31. Nb2 Be6 32. Re1 Kd6 33. Re5 Nd7 34. Re1 Nf8 35. Kf2 Bd5 36. d4 Ne6 37. Bxd5 cxd5 38. Ke3 h6 39. h4 Rc8 40. c4 g5
41. hxg5 hxg5 42. cxd5 Nxf4 43. Nc4+ Rxc4 44. bxc4 Ng2+ 45. Ke2 Nxe1 46. Kxe1 g4 47. Kf2 f4 48. Kg2=
1/2-1/2

[Event "Mikhail Tal Memorial (2300+)"]
[Site "SchemingMind.com"]
[Date "2020.06.27"]
[Round "-"]
[White "Jari Laine"]
[Black "William Lindberg"]
[Result "1/2-1/2"]
[WhiteCountry "FIN"]
[BlackCountry "USA"]
[WhiteElo "2423"]
[WhiteRD "78"]
[BlackElo "2437"]
[BlackRD "63"]
[GameID "457088"]

1. e4 e5 2. Nf3 Nc6 3. Bc4 Nf6 4. d3 Bc5 5. O-O h6 6. c3 d6 7. Re1 a5 8. Nbd2 O-O 9. Nf1 Be6 10. Bb5 Ne7
11. d4 exd4 12. cxd4 Bb6 13. Ng3 c6 14. Bd3 d5 15. e5 Ne4 16. Bxe4 dxe4 17. Nxe4 Nf5 18. Be3 Qd5 19. Nc3 Qc4 20. Qe2 Qxe2
21. Rxe2 Bc4 22. Rc2 a4 23. h3 Rfd8 24. Rd1 Kh7 25. g3 Ne7 26. g4 Kg8 27. Kh2 Be6 28. Re1 Nd5 29. a3 Nc7 30. Kg3 Bb3
31. Rce2 Ba5 32. Rc1 Ne6 33. Ne4 Bc7 34. Nc5 Nxc5 35. Rxc5 Bb6 36. Rc1 Ba2 37. Rd2 Ba5 38. Rd3 Bc7 39. Ne1 f6 40. f4 g5
41. Nf3 fxe5 42. fxe5 Bd5 43. Rd2 Rd7 44. Rf2 Rf8 45. Nd2 Rdf7 46. Rxf7 Rxf7 47. Rf1 Rxf1 48. Nxf1 c5 49. Kf2 Kf7 50. Ng3 cxd4
51. Bxd4 Ke6 52. Nf5 b5 53. Nd6 Bc6 54. Ke2 Bg2 55. Nxb5 Bxe5 56. Bxe5 Kxe5 57. Ke3 Ba8 58. Nd4 Bg2 59. Nf3+ Kd5 60. Nd2 Bxh3
61. Kf3 Kd4 62. b4 axb3 63. Nxb3+ Kc3 64. Nc5 Bf1 65. Ne4+ Kb2 66. Ng3 Bd3 67. Ke3 Bc2 68. a4 Bxa4 69. Nf5 Kb1 70. Nxh6 Bd1
71. Ke4=
1/2-1/2

[Event "Mikhail Tal Memorial (2300+)"]
[Site "SchemingMind.com"]
[Date "2020.06.27"]
[Round "-"]
[White "William Lindberg"]
[Black "Jari Laine"]
[Result "1/2-1/2"]
[WhiteCountry "USA"]
[BlackCountry "FIN"]
[WhiteElo "2416"]
[WhiteRD "66"]
[BlackElo "2424"]
[BlackRD "82"]
[GameID "457089"]

1. c4 Nf6 2. d4 e6 3. Nf3 Bb4+ 4. Nbd2 d5 5. Qa4+ Nc6 6. a3 Bd6 7. e3 O-O 8. c5 Be7 9. b4 Bd7 10. Qc2 b5
11. Bd3 a5 12. Rb1 axb4 13. axb4 h6 14. O-O Qb8 15. Qc3 Rd8 16. Bc2 Nh7 17. e4 dxe4 18. Nxe4 Be8 19. Re1 Qc8 20. Bb2 Bf8
21. h4 f5 22. Ng3 Nf6 23. Bb3 Bf7 24. Ne2 Ne4 25. Qc1 Be7 26. Nc3 Nf6 27. Nxb5 Nxb4 28. Ne5 Nbd5 29. Nc3 Be8 30. Bc4 Rb8
31. Ra1 Ra8 32. Qc2 Rxa1 33. Bxa1 c6 34. g3 Qb7 35. Kg2 Rb8 36. Nxd5 Nxd5 37. Nf3 Bf6 38. Rxe6 f4 39. Qe2 Qf7 40. Re4 Bd7
41. Kh2 Kh8 42. Bd3 Bf5 43. Ne5 Bxe5 44. dxe5 Qg6 45. g4 Bxe4 46. Bxe4 Qe6 47. Qf3 Kg8 48. h5 Rb4 49. Bf5 Qe7 50. Qa3 Rb8
51. Kg2 Rf8 52. Kh3 Qb7 53. Qd3 Qb4 54. Be6+ Kh8 55. Bd4 Qe1 56. Bxd5 cxd5 57. Qf3 Kh7 58. c6 Qf1+ 59. Kh2 Qc4 60. Qa3 Rc8
61. Qa7 Qxc6 62. Qf7 Rc7 63. Qxf4 Kg8 64. Kg3 Rb7 65. Qd2 Qc4 66. f3 Rb4 67. Bc3 Rb3 68. Ba1 Ra3 69. Bb2 Ra6 70. Qe3 Qb5
71. Qc3 Qc4=
1/2-1/2

[Event "Mikhail Tal Memorial (2300+)"]
[Site "SchemingMind.com"]
[Date "2020.06.27"]
[Round "-"]
[White "Jari Laine"]
[Black "Giraldo Menendez Rodriguez"]
[Result "1/2-1/2"]
[WhiteCountry "FIN"]
[BlackCountry "CUB"]
[WhiteElo "2423"]
[WhiteRD "78"]
[BlackElo "2547"]
[BlackRD "71"]
[GameID "457090"]

1. e4 c5 2. Nf3 d6 3. d4 cxd4 4. Nxd4 Nf6 5. Nc3 a6 6. Be3 e5 7. Nb3 Be6 8. Qd2 Nbd7 9. O-O-O Be7 10. f3 h5
11. Kb1 b5 12. Nd5 Bxd5 13. exd5 Nb6 14. Bxb6 Qxb6 15. Na5 Rc8 16. Nc6 Nxd5 17. Nxe7 Nxe7 18. Qxd6 Qxd6 19. Rxd6 Nc6 20. c3 Ke7
21. Rd1 Nd8 22. Bd3 Ne6 23. Rhe1 f6 24. g3 g5 25. Bf5 Rhd8 26. Rxd8 Rxd8 27. Kc2 a5 28. a3 a4 29. Bd3 Rc8 30. Re3 Kd6
31. Kd2 Rb8 32. Re4 Nc5 33. Rb4 Kc6 34. Bg6 Na6 35. Re4 Rd8+ 36. Ke3 Nc5 37. Rb4 Na6 38. Re4 Kb6 39. h3 Nc5 40. Rb4 Na6
41. Re4 Rd1 42. h4 Rb1 43. hxg5 fxg5 44. Rxe5 Rxb2 45. f4 gxf4+ 46. gxf4 Rb3 47. f5 Rxc3+ 48. Kf4 Nc5 49. f6 Nd7 50. Re6+ Rc6
51. Rxc6+ Kxc6 52. Be8 Kd6 53. f7 Nf8 54. Bxb5 Ke7 55. Bxa4 Ne6+ 56. Kf5 h4 57. Bb3 Nc5 58. Bd5 h3 59. Kg4 h2 60. Kh3 h1=Q+
61. Bxh1 Kxf7=
1/2-1/2

[Event "Mikhail Tal Memorial (2300+)"]
[Site "SchemingMind.com"]
[Date "2020.06.27"]
[Round "-"]
[White "Giraldo Menendez Rodriguez"]
[Black "Jari Laine"]
[Result "1-0"]
[WhiteCountry "CUB"]
[BlackCountry "FIN"]
[WhiteElo "2544"]
[WhiteRD "80"]
[BlackElo "2429"]
[BlackRD "87"]
[GameID "457091"]

1. Nf3 Nf6 2. d4 e6 3. c4 Bb4+ 4. Nbd2 d5 5. Qa4+ Nc6 6. a3 Bxd2+ 7. Bxd2 Ne4 8. e3 O-O 9. Qc2 Bd7 10. Bd3 f5
11. b4 Rf6 12. b5 Ne7 13. a4 c6 14. O-O Rc8 15. Qb3 Nxd2 16. Nxd2 g5 17. c5 g4 18. b6 a6 19. f3 gxf3 20. Rxf3 Qf8
21. Raf1 Qg7 22. Rg3 Rg6 23. Bxa6 bxa6 24. b7 Rb8 25. Qb6 Rxg3 26. hxg3
1-0

[Event "Mikhail Tal Memorial (2300+)"]
[Site "SchemingMind.com"]
[Date "2020.06.27"]
[Round "-"]
[White "Jari Laine"]
[Black "Matthew Bailey"]
[Result "1/2-1/2"]
[WhiteCountry "FIN"]
[BlackCountry "ENG"]
[WhiteElo "2437"]
[WhiteRD "85"]
[BlackElo "2598"]
[BlackRD "68"]
[GameID "457092"]

1. e4 c5 2. Nf3 d6 3. d4 cxd4 4. Nxd4 Nf6 5. Nc3 a6 6. Be3 e5 7. Nb3 Be6 8. Qd2 Nbd7 9. O-O-O Be7 10. f3 h5
11. Kb1 b5 12. Nd5 Bxd5 13. exd5 Nb6 14. Bxb6 Qxb6 15. Na5 Rc8 16. Nc6 Nxd5 17. Nxe7 Nxe7 18. Qxd6 Qxd6 19. Rxd6 Nc6 20. c3 Ke7
21. Rd1 Nd8 22. Bd3 Ne6 23. Rhe1 Rc5 24. Bc2 g5 25. b4 Rxc3 26. Rxe5 h4 27. Kb2 Rhc8 28. Bd3 R3c6 29. Be4 Rc3 30. Rd2 R8c7
31. Red5 Re3 32. h3 Rc4 33. a3 Rcc3 34. Bd3 Rc7 35. Be4 Kf6 36. Rd6 Ra7 37. R6d5 Ke7 38. Bf5 Nf4 39. Rc5 Kf6 40. Be4 Ne6
41. Rcd5 Ke7 42. Bc2 Rc7 43. Be4 Rb7 44. Bc2 Kf6 45. Rf5+ Ke7 46. Rfd5 Kf6 47. Be4 Rc7 48. Rd6 Ra7 49. Rb6 Ke5 50. Rb7 Rxb7
51. Bxb7 Nd4 52. Bxa6 Rb3+ 53. Ka2 Rc3 54. Rb2 Rc7 55. Rd2 f5 56. Kb2 Rc6 57. Bb7 Rb6 58. Bc8 Rd6 59. Rd1 Kf4 60. Rd3 Rd8
61. Ba6 Rd6 62. Bc8 Kg3 63. Rd2 f4 64. Kc3 Rc6+ 65. Kxd4 Rxc8 66. Ke5 Rc1 67. Kf6 Ra1 68. Kxg5 Rxa3 69. Rd4 Ra8 70. Rd2 Rc8
71. Kh5 Rg8 72. Ra2 Rd8 73. Kg6=
1/2-1/2

[Event "Mikhail Tal Memorial (2300+)"]
[Site "SchemingMind.com"]
[Date "2020.06.28"]
[Round "-"]
[White "Matthew Bailey"]
[Black "Jari Laine"]
[Result "1-0"]
[WhiteCountry "ENG"]
[BlackCountry "FIN"]
[WhiteElo "2598"]
[WhiteRD "68"]
[BlackElo "2437"]
[BlackRD "85"]
[GameID "457093"]

1. e4 c5 2. Nf3 Nc6 3. d4 cxd4 4. Nxd4 Nf6 5. Nc3 e5 6. Ndb5 d6 7. Bg5 a6 8. Na3 b5 9. Bxf6 gxf6 10. Nd5 f5
11. Bd3 Be6 12. c3 Bg7 13. Qh5 O-O 14. exf5 Bxd5 15. f6 e4 16. fxg7 Re8 17. Be2 Re5 18. Qh6 b4 19. Nc2 bxc3 20. bxc3 Be6
21. O-O Qg5 22. Qxg5 Rxg5 23. Rfd1 Rd8 24. Bxa6 Rc5 25. Nd4 d5 26. a4 Rxc3 27. a5 Nxd4 28. Rxd4 Ra8 29. Be2 Kxg7 30. a6 Kf6
31. Kf1 Rb3 32. Rda4 Ke5 33. f3 f5 34. a7 Rc3 35. Ra6 Bc8 36. R6a5 Kd6 37. Kf2 Rc2 38. Rb1 Kc7 39. Rb4 Bb7 40. Ra1 Bc6
41. Ke1 Rg8 42. g3 Rd8 43. Ra6 Ra8 44. Kd1 Rc5 45. Kd2 Be8 46. Ra1 Rc6 47. Rb5 Rd6 48. Rc5+ Kb7 49. Rca5 Rb6 50. Kc3 Rc8+
51. Kd4 Ka8 52. fxe4 Rb4+ 53. Kxd5 fxe4 54. Kd6 Rb6+ 55. Ke5 Bc6 56. R1a2 Bb7 57. Kf4 Rf6+ 58. Ke3 Rc3+ 59. Kd4 Rc7 60. Rb5 Rd6+
61. Ke5 Rd8 62. Kf4 Rf8+ 63. Ke3 Rc3+ 64. Kd4 Rc1 65. g4 Rd8+ 66. Ke3 Rc3+ 67. Kf4 Rf8+ 68. Kg5 Rg8+ 69. Kh4 Rc6 70. h3 Rgc8
71. Rba5 Re6 72. R2a3 Rce8 73. Rc5 R6e7 74. Raa5 Rg7 75. Bb5 Ree7 76. Bf1 Re8 77. Re5 Rxe5 78. Rxe5 Rc7 79. Bg2 Rc4 80. Re7 Kxa7
81. Rxh7
1-0